000 00884cab a22001935a 4500
001 L138167
008 070521s2007 xxk f 000 0 eng d
035 _a(Sirsi) u138167
041 0 _aeng
100 1 _aSim, Alistair
245 0 0 _aFor the high jump
260 _c2007
490 _aJournal of the Law Society of Scotland
_v52(4) April 2007, 38-39(2)
520 _aAddresses risk management in commercial property work. Argues that due to the size of potential claims, particular care needs to be taken in key areas. The most vital are identified as the terms of engagement, and the vetting/acceptance criteria. Considers all potential problem areas and gives brief guidelines. Presents brief case studies and a risk assessment checklist.
590 _aKA
651 4 _aScotland
_y1999-
690 _aPROPERTY-COMMERCIAL PROPERTY-COMMERCIAL PROPERTY DEVELOPMENT
942 _n0
999 _c78809
_d78809